El toque mágico de Disney /

Guardado en:
Autor Principal: Grover, Ron.
Formato: Libro
Idioma:Spanish
English
Publicado: México ; Buenos Aires : McGraw-Hill /Interamericana de México, c1992.
Materias:
Etiquetas: Agregar Etiqueta
Sin Etiquetas, Sea el primero en etiquetar este registro!
LEADER 00864nam a22002175 4500
001 EAD.ead003264
008 080718s1992####ag#a##########001#0#spa#d
005 20120928124156.0
245 1 3 |a El toque mágico de Disney /  |c Ron Grover ; traducción, Rosa María Rosas. 
260 |a México ;  |a Buenos Aires :  |b McGraw-Hill /Interamericana de México,  |c c1992. 
300 |a xvi, 308 p., [7] p. de láms. (algunas col.) :  |b il. ;  |c 24 cm. 
500 |a Traducción de: The disney touch. 
500 |a Incluye índice. 
500 |a "Como un equipo administrativo emprendedor revivió un imperio de entretenimieto" --Tapa. 
020 |a 9701001990 
100 1 |a Grover, Ron. 
082 0 4 |a 658.403  |2 21 
610 2 7 |a Disney Enterprises (1996- )  |2 LAO. 
650 7 |a Toma de decisiones.  |2 unbist 
041 1 |a spa  |h eng 
859 |a AR-BaBDC  |b BIB. ADMINISTRACION - Libros  |h 658.403  |i G919  |p b03088